Capitales européennes - partie 2 - Statistiques

Statistiques générales
  • Ce quiz a été pris 313 fois
  • Le résultat moyen est 11 sur 15
Statistiques - réponses
Hint Réponse % Correct
Vienne Autriche
97%
Helsinki Finlande
88%
Zagreb Croatie
87%
Prague République tchèque
82%
Sofia Bulgarie
79%
Bucarest Roumanie
78%
Budapest Hongrie
77%
Belgrade Serbie
72%
Tirana Albanie
71%
Vilnuis Lituanie
69%
Vaduz Liechtenstein
67%
Ljubljana Slovénie
65%
Tallinn Estonie
62%
Bratislava Slovaquie
62%
Riga Lettonie
57%
Aucun quiz correspondant
Distribution des résultats
% des personnes avec chaque résultat
Percentile par nombre de réponses
Votre historique - résultats
Vous n’avez pas pris ce quiz